Continents in Order by GDP per Capita (2025) - Statistics

General Stats
  • This quiz has been taken 855 times
    75 since last reset
  • The average score is 3 of 6
Answer Stats
GDP Per Capita Continent % Correct
$63,669 North America
100%
$59,175 Europe
87%
$48,525 Oceania
53%
$7,858 Africa
37%
$22,679 Asia
37%
$22,841 South America
35%
No matching quizzes found
Score Distribution
Percent of People with Each Score
Percentile by Number Answered
Your Score History
You have not taken this quiz since the last reset